Most Triple-Doubles in NBA history - Statistics

General Stats
  • This quiz has been taken 2,294 times
  • The average score is 5 of 16
Answer Stats
Hint Answer % Correct
138 Oscar Robertson
86%
36 LeBron James
77%
181 Magic Johnson
67%
28 Michael Jordan
67%
107 Jason Kidd
51%
78 Wilt Chamberlain
50%
59 Larry Bird
47%
28 Rajon Rondo
22%
20 Charles Barkley
18%
25 Clyde Drexler
15%
29 Grant Hill
11%
30 John Havlicek
11%
43 Fat Lever
6%
22 Chris Webber
4%
23 Walt Frazier
4%
21 Micheal Ray Richardson
1%
No matching quizzes found
Score Distribution
Percent of People with Each Score
Percentile by Number Answered
Your Score History
You have not taken this quiz